| 000 | 00795nam a2200193 a 4500 | ||
|---|---|---|---|
| 001 | 001050414 | ||
| 003 | AM-YeHGA | ||
| 005 | 20250617151007.0 | ||
| 008 | 141203s1975 ||| r 000 0 rus d | ||
| 040 | _aAM-YeHGA | ||
| 041 | 0 | _arus | |
| 100 | 1 | _aБабкин, Владимир Алексеевич | |
| 245 | 1 | 0 |
_aКомментарий к Положению о порядке назначения и выплаты государственных пенсий / _cВ.А. Бабкин, Г.Б. Смирнова. |
| 260 |
_aМосква : _bЮрид. лит., _c1975. |
||
| 300 |
_a1975 : _b600 с. |
||
| 653 | 0 | _aСоциальное обеспечение населения - Пенсии и пособия | |
| 700 | 1 | _aСмирнова, Ганна Борисовна | |
| 090 | _c344242 | ||
| 999 |
_c342449 _d342449 |
||